Estructura del empleo se transforma en Costa Rica /

Análisis de la crisis nacional, partiendo desde el año 1973 cuando se produjó el aumento de los precios del petróleo que repercutieron inmediatamente entre la población que se encontraba preparada para tal crisis. Al momento, se dió una disminución del poder adquisitivo de los salarios y el aumento...

Cur síos iomlán

Sábháilte in:
Sonraí bibleagrafaíochta
Príomhchruthaitheoir: Cordero R, Marco Antonio
Formáid: Téacs
Ábhair:
Clibeanna: Cuir clib leis
Níl clibeanna ann, Bí ar an gcéad duine le clib a chur leis an taifead seo!

MARC

LEADER 00000 a a2200000 04500
001 9104
003
040
100 |a Cordero R, Marco Antonio  
245 |a Estructura del empleo se transforma en Costa Rica /  |c Marco Antonio Cordero R 
520 |a Análisis de la crisis nacional, partiendo desde el año 1973 cuando se produjó el aumento de los precios del petróleo que repercutieron inmediatamente entre la población que se encontraba preparada para tal crisis. Al momento, se dió una disminución del poder adquisitivo de los salarios y el aumento diario en los precios, el producto interno bruto creció poco, aumentó de la tasa de inflación, se debilitó el aparato productivo, el desempleo aumentó y la canasta básica alimentaria absorbería cerca del 60 por ciento del salario promedio en 1986 y del 86 por ciento en 1982: lo cual muestra que disminuye cualitativamente el nivel de vida de la población asalariada. Para 1984 y 1985 la crisis fue menguando y el mercado laboral retorna a la normalidad, sobre todo en la relación entre fuerza de trabajo y desempleo. LOB/mb  
650 |a NIVEL DE VIDA  
650 |a INFLACION  
650 |a SISTEMAS MONETARIOS  
650 |a CONDICIONES ECONOMICAS  
650 |a OCUPACIONES  
650 |a SALARIOS  
650 |a RECESION ECONOMICA  
650 |a POBLACION ACTIVA  
650 |a PRODUCTO INTERNO BRUTO  
650 |a DESEMPLEO  
650 |a SALARIOS  
650 |a COSTO DE LA VIDA  
773 |g número 5; páginas 49-52  
999 |c 35245  |d 35245